| 000 | 00814nam a2200229Ia 4500 | ||
|---|---|---|---|
| 003 | IN-BaIIA | ||
| 008 | 211028s9999 xx s 000 0 eng d | ||
| 020 | _a978-3-642-27560-9 (Print) | ||
| 020 | _a978-3-642-27561-6 (Online) | ||
| 040 | _cIIA Library | ||
| 100 |
_aKhalatnikov, Isaak M. _938853 |
||
| 245 | 0 |
_aFrom the Atomic Bomb to the Landau Institute _h[eBook] |
|
| 260 |
_aHeidelberg, Berlin _bSpringer Berlin Heidelberg _c2012 |
||
| 300 | _aOnline resource | ||
| 650 |
_a History and Philosophical Foundations of Physics _938299 |
||
| 650 |
_a Nuclear Fusion _914733 |
||
| 650 |
_a Physics, general _91580 |
||
| 650 |
_a Strongly Correlated Systems, Superconductivity _938436 |
||
| 650 |
_aPhysics _973 |
||
| 856 |
_uhttp://doi.org/10.1007/978-3-642-27561-6 _yClick Here to Access eBook |
||
| 942 | _cEB | ||
| 999 |
_c20936 _d20936 |
||